000 00355pab a2200145 454500
008 180718b1988 xxu||||| |||| 00| 0 eng d
100 _aGass, Saul I. and others
245 _aThe army manpower long - range planning system
260 _c1988
300 _a5-17
362 _aJan.-Feb.
650 _aArmy
773 _aOperations Research
909 _a4002
999 _c4002
_d4002